A theory of art : inexhaustibility by contrast /

Bibliographic Details
Main Author: Ross, Stephen David
Format: Book
Language:English
Published: Albany : State University of New York Press, [1982]
Series:SUNY series in systematic philosophy.
Subjects:

MARC

Tag First Indicator Second Indicator Subfields
LEADER 00000pam a2200000 a 4500
001 in00000091209
005 20150923131516.0
008 810609s1982 nyu b 00110 eng
010 |a  81009027  
020 |a 0873955544 
020 |a 0873955552 (pbk.) 
035 |a (OCoLC)07575953 
035 |9 AAK6799AM 
039 0 |a 2  |b 3  |c 3  |d 3  |e 3 
040 |a DLC  |c DLC  |d TXA  |d UtOrBLW 
049 |a TXAM  |c [388576] 
050 0 0 |a N70  |b  R67 
082 0 |a 701  |2 19 
100 1 |a Ross, Stephen David. 
245 1 2 |a A theory of art :  |b inexhaustibility by contrast /  |c Stephen David Ross. 
264 1 |a Albany :  |b State University of New York Press,  |c [1982] 
264 4 |c ©1982 
300 |a xii, 246 pages ;  |c 23 cm. 
336 |a text  |b txt  |2 rdacontent 
337 |a unmediated  |b n  |2 rdamedia 
338 |a volume  |b nc  |2 rdacarrier 
490 1 |a SUNY series in systematic philosophy 
504 |a Includes bibliographical references and index. 
650 0 |a Art  |x Philosophy. 
830 0 |a SUNY series in systematic philosophy. 
999 |a MARS 
999 f f |s 03db1a2c-d96a-3167-86a6-745df9d2287d  |i 77b4b5ca-30b7-3a56-a516-fe2caed8f4e5  |t 0 
952 f f |p normal  |a Texas A&M University  |b College Station  |c Sterling C. Evans Library  |d Evans: Library Stacks  |t 0  |e N70 R67  |h Library of Congress classification  |i unmediated -- volume  |m A14806019012 
998 f f |a N70 R67  |t 0  |l Evans: Library Stacks